02077cas a2200469 a 450000100090000000300040000900500170001300800410003001000310007102200280010203500240013003700840015404002010023804200140043905000210045306000160047408200120049021000290050222200440053124501370057526000640071230000290077631000170080533600260082233700280084833800270087636200210090358000270092458800450095165000520099665000270104865000340107565000650110965000260117465500240120065500430122465500240126771000400129177601070133177600790143878000900151711467834OSt20221108123101.0951020c19959999dcuzr 0 a0eng c a 96644717 zsn 96034448 0 a1090-4905l1084-964521 a(OCoLC)ocm33339327  bAmerican Public Health Association, 800 I Street, NW, Washington, DC 20001-3170 aTUMbengcTUMdNSDdIULdDLCdNSDdDLCdNSDdUMCdNLGGCdOCLCQdOCLCFdYDXCPdOCLCOdCUVdOCLCQdCASUMdUBCdBRXdCN8BJdXFFdOCLCOdIBOdOCLCAdCSJdOCLCQdCSAdTFWdBUFdOCLCOdEXGdOCLCOdOCLCA apccansdp00aRA643b.C66 2015 aWC 100 C76410a6142120 aContr. commun. dis. man. 0aControl of communicable diseases manual00aControl of communicable diseases manual :ban official report of the American Public Health Association/cedited by David L. Heymann aWashington, DC :bAmerican Public Health Association,c2015 a1 vol. (variious paging) aQuinquennial atextbtxt2rdacontent aunmediatedbn2rdamedia avolumebnc2rdacarrier0 a16th ed. (1995)- aIssued also on CD-ROM. aLatest issue consulted: 20th ed. (2015). 0aCommunicable diseasesxPreventionvPeriodicals.22aCommunicable Diseases.22aCommunicable Disease Control. 7aCommunicable diseasesxPrevention.2fast0(OCoLC)fst0086991017aInfectieziekten.2gtt 4aReference Material. 7aPeriodicals.2fast0(OCoLC)fst01411641 7aPeriodicals.2lcgft2 aAmerican Public Health Association.08iCD-ROM version:tControl of communicable diseases manualx1084-9645w(DLC)sn 95006281w(OCoLC)3323463908iOnline version:tControl of communicable diseases manualw(OCoLC)74610459600tControl of communicable diseases in manx8755-4046w(DLC) 86640387w(OCoLC)11284411